Technika stlačeného vzduchu
Gespeichert in:
| 1. Verfasser: | |
|---|---|
| Format: | Buch |
| Sprache: | Slowakisch |
| Veröffentlicht: |
Bratislava :
SVŠT v Bratislave,
1989
|
| Ausgabe: | 1. vyd. |
| Tags: |
Keine Tags, Fügen Sie das erste Tag hinzu!
|
MARC
| LEADER | 00000nam a22000003a 4500 | ||
|---|---|---|---|
| 001 | stu48685 | ||
| 005 | 20190509133158.8 | ||
| 008 | ------s1989----cs------------------slo-d | ||
| 020 | |a 80-227-0092-4 | ||
| 040 | |a STU |b slo | ||
| 041 | 0 | |a slo | |
| 044 | |a cs | ||
| 080 | |a 621.51 | ||
| 100 | 1 | |a Horák, Miloslav |4 aut | |
| 245 | 1 | |a Technika stlačeného vzduchu | |
| 250 | |a 1. vyd. | ||
| 260 | |a Bratislava : |b SVŠT v Bratislave, |c 1989 | ||
| 300 | |a 203 s | ||
| 996 | |b 284J019912 |c J*2246-4 |l JJSK |s A |a 24 |w stu48685_0001 | ||
| 996 | |b 284J017043 |c J*2246-5 |l JJSK |s A |a 24 |w stu48685_0002 | ||
| 996 | |b 284J017040 |c J*2246-2 |l JJSK |s A |a 24 |w stu48685_0003 | ||
| 996 | |b 284J007459 |c J*2246-1 |l JJSK |s A |a 24 |w stu48685_0004 | ||
| 996 | |b 284J018748 |c J*2223-1 |l JJSK |s A |a 24 |w stu48685_0006 | ||
| 996 | |b 284J018749 |c J*2223-2 |l JJSK |s A |a 24 |w stu48685_0007 | ||
| 996 | |b 284J018750 |c J*2223-3 |l JJSK |s A |a 24 |w stu48685_0008 | ||
| 996 | |b 284J031990 |c J*83990 |l JJST |s P |a 0 |w stu48685_0009 | ||
| 996 | |b 284J028091 |c J* 2246/6 |l JJSK |s A |a 24 |w stu48685_0010 | ||